Statistics for 100 Best-Reviewed Animated Films

Click here to take the quiz!

General Stats

  • This quiz has been taken 28,590 times
    (27,523 since last reset)
  • The average score is 24 of 100

Answer Stats

%YearMovie% Correct
98%1937Snow White and the Seven Dwarfs
93%
100%1995Toy Story
84%
97%1950Cinderella
82%
100%1999Toy Story 2
76%
90%1994The Lion King
75%
99%2010Toy Story 3
73%
93%1991Beauty and the Beast
71%
89%2013Frozen
70%
91%1959Sleeping Beauty
66%
92%1989The Little Mermaid
65%
94%1992Aladdin
65%
99%2003Finding Nemo
62%
98%2009Up
60%
88%2001Shrek
58%
86%1998Mulan
55%
96%2001Monsters, Inc.
52%
89%2004Shrek 2
51%
89%2010Tangled
50%
96%1940Fantasia
50%
97%2004The Incredibles
50%
96%2008WALL-E
49%
100%1940Pinocchio
47%
91%1942Bambi
46%
86%1967The Jungle Book
44%
97%1961101 Dalmatians
44%
92%1998A Bug's Life
42%
97%1941Dumbo
41%
89%1955Lady and the Tramp
38%
83%2009The Princess and the Frog
37%
96%2007Ratatouille
37%
88%1999Tarzan
33%
84%1997Hercules
32%
81%2010Despicable Me
29%
95%1998Antz
28%
98%2010How to Train Your Dragon
25%
86%2012Wreck-it Ralph
25%
97%2001Spirited Away
25%
83%1977The Rescuers
22%
87%2008Kung Fu Panda
21%
86%2003Lilo & Stitch
21%
90%2011Winnie the Pooh
20%
90%2007The Simpsons Movie
18%
88%2008Bolt
18%
94%1993The Nightmare Before Christmas
18%
86%1997Anastasia
16%
95%2014The Lego Movie
16%
97%2000Chicken Run
15%
92%1988My Neighbor Totoro
14%
82%1999Fantasia 2000
14%
97%1999The Iron Giant
14%
87%2004Howl's Moving Castle
14%
90%2009Coraline
13%
85%2000The Emperor's New Groove
13%
81%2011Kung Fu Panda 2
13%
93%1999Princess Mononoke
13%
87%2009Cloudy With a Chance of Meatballs
12%
92%2008Ponyo
12%
84%2011Puss in Boots
11%
88%2011Rango
11%
93%2009James and the Giant Peach
10%
81%1999South Park: Bigger,
Longer, and Uncut
10%
93%2009Fantastic Mr. Fox
9%
83%2005Tim Burton's Corpse Bride
9%
87%1988Akira
8%
87%2012Frankenweenie
7%
81%1978Watership Down
7%
95%2005Wallace & Gromit:
The Curse of the Were-Rabbit
7%
100%1965How the Grinch Stole Christmas
7%
100%1989Kiki's Delivery Service
7%
87%2012ParaNorman
6%
97%1988Grave of the Fireflies
6%
96%2007Persepolis
6%
95%1982The Secret of NIMH
5%
94%2003The Triplets of Belleville
5%
96%2012Yellow Submarine
5%
94%1996Ghost in the Shell
5%
95%2009Mary and Max
4%
96%2008Waltz with Bashir
4%
86%2012The Pirates! Band of Misfits
4%
91%2011Arthur Christmas
4%
100%1993Wallace and Gromit in the
Wrong Trousers
4%
83%2006Paprika
3%
94%2012The Secret World of Arrietty
3%
91%2009The Secret of Kells
3%
89%2003Tokyo Godfathers
3%
90%2010The Illusionist
3%
83%2013From Up On Poppy Hill
2%
81%2012A Cat in Paris
2%
88%1973Fantastic Planet
2%
85%2013An Oversimplification of
Her Beauty
2%
86%2012Chico & Rita
2%
92%2001Millennium Actress
2%
87%2001Metropolis
2%
100%2008Sita Sings the Blues
2%
90%2009My Dog Tulip
2%
96%1998Kirikou and the Sorceress
1%
86%2003The Animation Show
1%
82%2009A Town Called Panic
1%
81%2006Azur & Amar: The Prince's Quest
1%
85%2011A Monster in Paris
1%

Score Distribution

Percentile by Number Answered

Percent of People with Each Score

Your Score History

You have not taken this quiz since the last reset